Countries by Clue - Very Hard - Statistics

General Stats
  • This quiz has been taken 67 times
  • The average score is 7 of 15
Answer Stats
Clues Country % Correct
Jatiyo Sangshad, Sundarbans, Bengali Bangladesh
79%
Grand Duke, Oesling, Benelux Luxembourg
76%
Ashanti Empire, Kofi Annan, Akosombo Dam Ghana
66%
Socotra, Sabaeans, Aden Yemen
66%
Treaty of Trianon, Lake Heviz, Debrecen Hungary
56%
852 Languages, Bougainville Island, Bismarck Sea Papua New Guinea
56%
Santiago, Arawak, Montego Bay Jamaica
53%
Asparukh, Battle of Nicopolis, Varna Bulgaria
50%
Phuntsholing, Gangkhar Puensum, Thunder Dragon Bhutan
48%
French Sudan, Djenne, Moussa Traore Mali
42%
Gojoseon, Panmunjom, Juche North Korea
39%
Shuar, Mount Chimborazo, Megadiverse Ecuador
34%
Frank Bainimarama, Udre Udre, Hindi Fiji
29%
Epic of Manas, Osh, Tulip Revolution Kyrgyzstan
21%
Gil Gonzalez Davila, Bryan-Chamorro Treaty, Volcanoes Nicaragua
18%
No matching quizzes found
Score Distribution
Percent of People with Each Score
Percentile by Number Answered
Your Score History
You have not taken this quiz